000 00351pam a2200157a 44500
008 230515b1976 xxu||||| |||| 00| 0 eng d
020 _aNULL
041 _aENGLISH
082 _a630
100 _a4604-1975
245 _aPATTERNS PLANTS FOR MACHINE MOLDINGS BOXES
250 _a0
260 _aDELHI
_bISI
_c1976
300 _a14
650 _aNULL
999 _c651897
_d651897